[Event "ESP-chT Primera Division 2019"]
[Site "Linares"]
[Date "2019.08.29"]
[Round "4.12"]
[White "Antunez Munoz, Ines"]
[Black "Hernandez Estevez, Yudania"]
[Result "0-1"]
[WhiteElo "1891"]
[BlackElo "2247"]
[Annotator "NA"]
[PlyCount "102"]
[EventDate "2019.08.26"]
[EventType "team-tourn"]
[EventCountry "ESP"]
[SourceTitle "playchess.com"]
[Source "ChessBase"]
[SourceQuality "1"]
[TimeControl "5400+30"]

1. e4 {[%emt 0:00:00]} d6 {[%emt 0:00:00]} 2. d4 {[%emt 0:00:00]} Nf6 {[%emt 0:00:00]} 3. Nc3 {[%emt 0:00:03]} g6 {[%emt 0:00:15]} 4. Bg5 {[%emt 0:00:29]} Bg7 {[%emt 0:00:36]} 5. e5 {[%emt 0:00:36]} Nfd7 {[%emt 0:14:05]} 6. exd6 {[%emt 0:00:16]} cxd6 {[%emt 0:00:21]} 7. Nf3 {[%emt 0:04:49]} Nc6 {[%emt 0:05:07]} 8. Bc4 {[%emt 0:09:23]} h6 {[%emt 0:04:08]} 9. Be3 {[%emt 0:04:07]} Nf6 {[%emt 0:00:13]} 10. h3 {[%emt 0:01:04]} O-O {[%emt 0:00:26]} 11. Qd2 {[%emt 0:01:42]} Kh7 {[%emt 0:00:14]} 12. a3 {[%emt 0:06:56]} a6 {[%emt 0:00:46]} 13. Rd1 {[%emt 0:07:42]} b5 {[%emt 0:00:42]} 14. Bd3 {[%emt 0:00:09]} b4 {[%emt 0:01:34]} 15. Ne4 {[%emt 0:01:53]} Nd5 {[%emt 0:03:02]} 16. Ng3 {[%emt 0:05:30]} bxa3 {[%emt 0:04:51]} 17. bxa3 {[%emt 0:01:14]} Nxe3 {[%emt 0:02:19]} 18. fxe3 {[%emt 0:02:22]} Qa5 {[%emt 0:01:28]} 19. Be4 {[%emt 0:05:59]} Qxd2+ {[%emt 0:00:49]} 20. Kxd2 {[%emt 0:00:19]} Bd7 {[%emt 0:00:16]} 21. h4 {[%emt 0:04:38]} f5 {[%emt 0:01:10]} 22. Bd3 {[%emt 0:00:54]} Na5 {[%emt 0:07:41]} 23. h5 {[%emt 0:07:03]} g5 {[%emt 0:01:13]} 24. e4 {[%emt 0:01:08]} f4 {[%emt 0:01:36]} 25. e5+ {[%emt 0:02:04]} Kg8 {[%emt 0:03:02]} 26. Ne4 {[%emt 0:03:27]} dxe5 {[%emt 0:01:07]} 27. dxe5 {[%emt 0:01:00]} Bb5 {[%emt 0:00:27]} 28. Nc5 {[%emt 0:03:35]} Rfc8 {[%emt 0:03:58]} 29. Ne6 {[%emt 0:01:31]} Nc4+ {[%emt 0:01:18]} 30. Bxc4 {[%emt 0:03:19]} Rxc4 {[%emt 0:00:12]} 31. Rhe1 {[%emt 0:01:15]} Rac8 {[%emt 0:01:43]} 32. Rc1 {[%emt 0:00:53]} Rc3 {[%emt 0:02:02]} 33. Nfd4 {[%emt 0:02:04]} Rg3 {[%emt 0:04:25]} 34. Rg1 {[%emt 0:00:34]} Bxe5 {[%emt 0:01:00]} 35. Nf5 {[%emt 0:06:37]} Bc3+ {[%emt 0:00:24]} 36. Kd1 {[%emt 0:00:24]} Kf7 {[%emt 0:00:23]} 37. Nxg3 {[%emt 0:01:33]} Kxe6 {[%emt 0:00:15]} 38. Rb1 {[%emt 0:00:27]} fxg3 {[%emt 0:00:59]} 39. a4 {[%emt 0:02:12]} Bc4 {[%emt 0:02:56]} 40. Kc1 {[%emt 0:01:01]} Kf5 {[%emt 0:00:33]} 41. Rb7 {[%emt 0:01:02]} e5 {[%emt 0:00:25]} 42. Rd1 {[%emt 0:02:50]} e4 {[%emt 0:00:28]} 43. Re7 {[%emt 0:00:18]} Rb8 {[%emt 0:04:07]} 44. Rc7 {[%emt 0:00:42]} Rb4 {[%emt 0:00:05]} 45. Rc8 {[%emt 0:00:50]} Rxa4 {[%emt 0:00:27]} 46. Rf8+ {[%emt 0:00:16]} Kg4 {[%emt 0:01:29]} 47. Rb8 {[%emt 0:00:09]} e3 {[%emt 0:01:47]} 48. Rh1 {[%emt 0:04:15]} Ra1+ {[%emt 0:00:47]} 49. Rb1 {[%emt 0:00:11]} Rxb1+ {[%emt 0:00:04]} 50. Kxb1 {[%emt 0:00:09]} e2 {[%emt 0:00:06]} 51. Rc1 {[%emt 0:00:44]} e1=Q {[%emt 0:00:17]} 0-1

[Event "ESP-chT Primera Division 2019"]
[Site "Linares"]
[Date "2019.08.29"]
[Round "4.13"]
[White "Alekseenko, Kirill"]
[Black "Alonso Alvarez, Aitor"]
[Result "1-0"]
[WhiteElo "2668"]
[BlackElo "2305"]
[Annotator "TA"]
[PlyCount "39"]
[EventDate "2019.08.26"]
[EventType "team-tourn"]
[EventCountry "ESP"]
[SourceTitle "playchess.com"]
[Source "ChessBase"]
[SourceQuality "1"]

{[%evp 12,39,26,7,26,26,26,27,20,25,27,27,46,35,31,27,130,128,137,135,131,133,192,228,223,206,210,213,260,215]} 1. e4 e5 2. Nf3 Nf6 3. Nxe5 d6 4. Nf3 Nxe4 5. Nc3 Nxc3 6. dxc3 Be7 7. Be3 Nc6 {C42: Petroff Defence: 3 Nxe5 and unusual White 3rd moves} 8. Bd3 (8. Qd2 Be6 9. O-O-O Qd7 10. h3 Bf6 11. g4 h6 12. Bg2 O-O-O 13. b3 g5 14. Nd4 Nxd4 15. cxd4 d5 16. f4 gxf4 17. Bxf4 {½-½ (39) Cheparinov,I (2679)-Wang,Y (2684) China 2019}) 8... Be6 9. Qe2 Qd7 {White has an edge.} 10. O-O-O a6 11. Kb1 h6 $146 ({Predecessor:} 11... O-O 12. h3 b5 13. g4 Rfe8 14. Rhe1 b4 15. c4 {1-0 (23) Wang,J (2367)-Secopito,C (2145) Makati 2018}) 12. Nd4 Nxd4 13. Bxd4 Rg8 {[#]} (13... O-O $1 $11 {keeps the balance.}) 14. Bh7 $1 $16 {[%cal Rh7g8]} Rh8 {[#]} 15. Be4 $1 {[%cal Re4b7]} O-O-O 16. Bxg7 Rhg8 (16... Rhe8 $16) 17. Bxh6 $18 Qa4 18. b3 Qa5 19. Bd2 Qe5 20. f4 {Accuracy: White = 77%, Black = 24%.} 1-0

[Event "ESP-chT Primera Division 2019"]
[Site "Linares"]
[Date "2019.08.29"]
[Round "4.14"]
[White "Andres Gonzalez, Ivan"]
[Black "Sarana, Alexey"]
[Result "0-1"]
[WhiteElo "2284"]
[BlackElo "2655"]
[Annotator "RC"]
[PlyCount "68"]
[EventDate "2019.08.26"]
[EventType "team-tourn"]
[EventCountry "ESP"]
[SourceTitle "playchess.com"]
[Source "ChessBase"]
[SourceQuality "1"]
[TimeControl "5400+30"]

1. d4 {[%emt 0:00:00]} Nf6 {[%emt 0:00:00]} 2. Nf3 {[%emt 0:00:08]} d5 {[%emt 0:00:30]} 3. Bf4 {[%emt 0:01:52]} c5 {[%emt 0:00:06]} 4. e3 {[%emt 0:00:45]} Nc6 {[%emt 0:00:05]} 5. Nbd2 {[%emt 0:03:40]} e6 {[%emt 0:00:12]} 6. c3 {[%emt 0:01:13]} cxd4 {[%emt 0:00:05]} 7. exd4 {[%emt 0:01:17]} Nh5 {[%emt 0:00:06]} 8. Bg3 {[%emt 0:06:06]} g6 {[%emt 0:02:11]} 9. Bd3 {[%emt 0:05:26]} Bg7 {[%emt 0:00:13]} 10. O-O {[%emt 0:02:18]} O-O {[%emt 0:00:18]} 11. Re1 {[%emt 0:01:07]} Nxg3 {[%emt 0:00:40]} 12. hxg3 {[%emt 0:00:12]} Qd6 {[%emt 0:00:15]} 13. Qe2 {[%emt 0:08:47]} Re8 {[%emt 0:03:21]} 14. Rad1 {[%emt 0:04:46]} a6 {[%emt 0:06:44]} 15. a3 {[%emt 0:02:54]} Re7 {[%emt 0:06:21]} 16. Qe3 {[%emt 0:04:45]} Bd7 {[%emt 0:04:52]} 17. Ne5 {[%emt 0:12:35]} Be8 {[%emt 0:00:25]} 18. Qf4 {[%emt 0:01:49]} Qd8 {[%emt 0:10:17]} 19. Ndf3 {[%emt 0:03:50]} f6 20. Ng4 {[%emt 0:03:23]} Kh8 {[%emt 0:07:01]} 21. Re2 {[%emt 0:06:25]} h5 {[%emt 0:08:45]} 22. Ngh2 {[%emt 0:01:47]} e5 {[%emt 0:00:45]} 23. dxe5 {[%emt 0:01:19]} fxe5 {[%emt 0:00:01]} 24. Qc1 {[%emt 0:07:58]} Rd7 {[%emt 0:04:36]} 25. Bc2 {[%emt 0:02:12]} e4 {[%emt 0:00:06]} 26. Nd4 {[%emt 0:01:56]} Nxd4 {[%emt 0:00:15]} 27. cxd4 {[%emt 0:00:01]} Rc7 {[%emt 0:01:58]} 28. Qd2 {[%emt 0:05:00]} Bb5 {[%emt 0:00:30]} 29. Ree1 {[%emt 0:00:06]} Rac8 {[%emt 0:00:09]} 30. Bb3 {[%emt 0:00:12]} Bc4 {[%emt 0:00:11]} 31. Ba4 {[%emt 0:01:12]} b5 {[%emt 0:01:53]} 32. Bc2 {[%emt 0:00:26]} Ba2 {[%emt 0:00:09]} 33. Rc1 {[%emt 0:00:53]} Qf6 {[%emt 0:00:10]} 34. Red1 {[%emt 0:01:02]} Qxd4 {[%emt 0:00:20]} 0-1

[Event "ESP-chT Primera Division 2019"]
[Site "Linares"]
[Date "2019.08.29"]
[Round "4.15"]
[White "Arizmendi Martinez, Julen Luis"]
[Black "Vergara Anton, Diego"]
[Result "1-0"]
[WhiteElo "2512"]
[BlackElo "2128"]
[Annotator "ChessBase"]
[PlyCount "76"]
[EventDate "2019.08.26"]
[EventType "team-tourn"]
[EventCountry "ESP"]
[SourceTitle "playchess.com"]
[Source "ChessBase"]
[SourceQuality "1"]
[TimeControl "5400+30"]

1. e4 {[%emt 0:00:00]} e6 {[%emt 0:00:00]} 2. d4 {[%emt 0:00:20]} d5 {[%emt 0:00:02]} 3. Nd2 {[%emt 0:00:36]} Be7 {[%emt 0:00:22]} 4. e5 {[%emt 0:03:50]} c5 {[%emt 0:01:51]} 5. c3 {[%emt 0:01:06]} Nc6 {[%emt 0:01:09]} 6. Bd3 {[%emt 0:00:14]} cxd4 {[%emt 0:02:07]} 7. cxd4 {[%emt 0:00:58]} Bd7 {[%emt 0:01:41]} 8. Ne2 {[%emt 0:04:09]} Qb6 {[%emt 0:04:18]} 9. Nf3 {[%emt 0:00:38]} O-O-O {[%emt 0:03:20]} 10. O-O {[%emt 0:06:45]} h5 {[%emt 0:07:47]} 11. a3 {[%emt 0:05:54]} Nh6 {[%emt 0:03:16]} 12. b4 {[%emt 0:01:37]} Nf5 {[%emt 0:03:00]} 13. Bxf5 {[%emt 0:22:58]} exf5 {[%emt 0:01:03]} 14. Bg5 {[%emt 0:09:09]} Bxg5 {[%emt 0:04:26]} 15. Nxg5 {[%emt 0:00:24]} Rdf8 {[%emt 0:11:19]} 16. Rc1 {[%emt 0:07:02]} Kb8 {[%emt 0:05:47]} 17. Rc5 {[%emt 0:01:21]} Ne7 {[%emt 0:04:49]} 18. Nf4 {[%emt 0:06:58]} Bb5 {[%emt 0:03:32]} 19. Re1 {[%emt 0:00:44]} Bc4 {[%emt 0:01:22]} 20. e6 {[%emt 0:03:56]} fxe6 {[%emt 0:08:33]} 21. Nfxe6 {[%emt 0:03:30]} Rf6 {[%emt 0:03:06]} 22. Qf3 {[%emt 0:14:37]} Qd6 {[%emt 0:02:04]} 23. Qf4 {[%emt 0:02:50]} Rd8 {[%emt 0:03:03]} 24. Qxd6+ {[%emt 0:00:32]} Rxd6 {[%emt 0:00:01]} 25. Rc7 {[%emt 0:00:07]} Nc8 {[%emt 0:03:02]} 26. Rxg7 {[%emt 0:00:07]} b6 {[%emt 0:03:18]} 27. h4 {[%emt 0:00:43]} Rc6 {[%emt 0:03:29]} 28. Nf4 {[%emt 0:00:09]} Rc7 {[%emt 0:02:28]} 29. Rxc7 {[%emt 0:00:32]} Kxc7 {[%emt 0:00:01]} 30. g3 {[%emt 0:00:45]} Rh6 {[%emt 0:01:30]} 31. Re5 {[%emt 0:01:48]} Nd6 {[%emt 0:02:15]} 32. Nxd5+ {[%emt 0:00:25]} Bxd5 {[%emt 0:00:01]} 33. Rxd5 {[%emt 0:00:01]} Kc6 {[%emt 0:00:32]} 34. Re5 {[%emt 0:00:11]} Nb5 {[%emt 0:00:57]} 35. d5+ {[%emt 0:01:03]} Kd7 {[%emt 0:00:30]} 36. Rxf5 {[%emt 0:00:17]} Nxa3 {[%emt 0:00:55]} 37. Rf7+ {[%emt 0:00:08]} Kd6 {[%emt 0:00:31]} 38. Rf3 {[%emt 0:00:08]} Kxd5 1-0

[Event "ESP-chT Primera Division 2019"]
[Site "Linares"]
[Date "2019.08.29"]
[Round "4.16"]
[White "Gonzalez Guedes, Iyan"]
[Black "Pallardo Lozoya, Jose Vicente"]
[Result "1/2-1/2"]
[WhiteElo "2115"]
[BlackElo "2380"]
[Annotator "TA"]
[PlyCount "215"]
[EventDate "2019.08.26"]
[EventType "team-tourn"]
[EventCountry "ESP"]
[SourceTitle "playchess.com"]
[Source "ChessBase"]
[SourceQuality "1"]

{[%evp 15,215,-10,-8,-25,-10,-13,-13,-22,-16,-24,-22,-34,-34,-35,-33,-58,-18,-53,-42,-37,-41,-50,-41,-79,-80,-97,-68,-69,-54,-60,-53,-70,-49,-69,-44,-44,-41,-99,-29,-34,-35,-31,-21,-101,-52,-52,-13,-17,0,0,0,-39,-13,-53,-13,-13,-13,-45,-12,-12,-12,-93,-79,-79,-25,-86,-54,-62,-38,-63,-33,-43,-31,-39,0,0,0,0,0,-43,-35,-76,-24,-44,-38,-44,-44,-106,-106,-106,-106,-106,-41,-41,-41,-41,-40,-41,0,-37,-41,-39,-39,-40,-43,-52,-50,-51,0,-52,-52,-57,-31,-39,0,0,0,0,0,0,0,0,0,-56,-19,-38,-30,-76,-49,-83,-83,-251,-76,-76,-76,-76,-76,-83,-76,-83,-83,-83,-81,-83,-76,-76,-76,-76,-76,-76,-76,-76,-76,-76,-45,-68,-68,-68,0,-76,-68,-76,-45,-76,-76,-76,-45,-76,0,0,0,-53,-53,-91,0,-83,0,0,0,-91,-83,-83,-83,-83,-89,-85,-91,-92,0,-56,0,-100,-99,-106,-83,-83,-84,-84,0,-58,0,-84]} 1. e4 e6 2. d4 d5 3. e5 c5 4. c3 Nc6 5. Nf3 Bd7 6. a3 c4 7. Nbd2 Na5 8. g3 Ne7 9. Bg2 {C02: French: Advance Variation} (9. h4 Nc8 10. Bh3 Nb6 11. O-O Ba4 12. Qe2 Be7 13. Ne1 Qd7 14. f4 g6 15. Ng2 O-O-O 16. Ne3 Kb8 {½-½ (64) Potapov,P (2493)-Korobov,A (2692) Doha 2016}) 9... Nc8 10. O-O Nb6 11. Re1 Be7 (11... Ba4 $5 12. Qe2 $8 Be7 $11) 12. Qe2 Qc7 $146 ({Predecessor:} 12... Ba4 13. h4 Qd7 14. Nh2 O-O-O 15. Bh3 Kb8 16. f3 Rdg8 17. Kh1 Qd8 18. Qf2 h6 19. Ndf1 Nb3 20. Rb1 Bd7 21. Nd2 {½-½ (21) Jenull,M (2182)-Schweigert,W Willingen 2001}) 13. Rb1 O-O-O 14. Nf1 h6 15. N3d2 Kb8 16. Ne3 Rc8 17. f4 Qd8 18. f5 $1 Qg8 19. Ndf1 Qh7 20. Qc2 Ba4 21. Qf2 Rhe8 22. Bd2 Nb3 23. Bh3 Bg5 24. Bg4 Nxd2 25. Qxd2 h5 26. Bh3 (26. Bd1 $1 $15) 26... g6 (26... h4 $17 27. g4 f6 28. exf6 gxf6) 27. f6 $11 Rc6 28. Bg2 h4 29. g4 (29. Qe2 $11) 29... Qh6 30. h3 Nd7 31. Bf3 Nf8 32. Bd1 Bxd1 33. Rbxd1 Rb6 34. Rb1 Rc8 35. Qf2 Bxe3 36. Qxe3 (36. Nxe3 {is interesting.} g5 37. Ng2 Rc7 38. a4 Rb3 39. Qd2) 36... Qxe3+ (36... g5 {looks sharper.} 37. Qc1 Ng6 38. Qc2 Rg8 39. Re3 Nf4) 37. Nxe3 Nh7 38. Nd1 (38. Nf1 $11) 38... Ng5 $17 39. Kg2 Kc7 ({Black should try} 39... Rb3 $17) 40. Rc1 (40. Ne3 $11 {remains equal.}) 40... Kc6 41. Re2 Kb5 42. Rcc2 Ka4 43. Nf2 Rb3 44. Kf1 a5 45. Re1 Rb6 46. Ke2 Kb3 47. Kd1 Ra8 48. Re3 Ka4 (48... Nh7 $17) 49. Ree2 Rb3 50. Rc1 Kb5 51. Rcc2 (51. Kc2 $15) 51... Kc6 52. Rc1 Ra6 53. Kc2 {[#]} Rab6 (53... b5 $1 $17 54. Ra1 Rb6) 54. Rb1 $15 Kd7 55. Re3 Ke8 56. Re2 Kf8 57. Re3 Kg8 58. Kc1 Kh7 59. Kc2 Kh6 60. Kc1 Ra6 61. Kc2 Rab6 62. Kc1 $1 Nh7 63. Nd1 Kg5 64. Rf3 Ra6 65. Ne3 Kh6 66. Ng2 g5 67. Kc2 Nf8 68. Ne3 Ng6 69. Ng2 (69. Nf1 $11) 69... Kh7 70. Rf2 Ra8 71. Kc1 Rb8 72. Ra1 b5 73. Ra2 $2 (73. Rc2 $17 {is a better defense.}) 73... Rb7 $2 (73... b4 $19 {and Black stays clearly on top.} 74. axb4 axb4) 74. Rc2 $17 Kh6 75. Kd1 b4 76. axb4 axb4 77. Ra1 bxc3 78. bxc3 Kh7 79. Kd2 R3b6 80. Kd1 Kh6 81. Kd2 Rb2 82. Rac1 R2b5 83. Ra1 Kh7 84. Kd1 Nf8 85. Ne1 Kh6 86. Kd2 Ng6 87. Ng2 $1 Rc7 88. Rca2 Rb8 89. Rc2 Rcb7 90. Kd1 Nf8 91. Ne1 Kh7 (91... Rb1+ $17 92. Rxb1 Rxb1+ 93. Rc1 Rb5) 92. Nf3 $11 Kg6 93. Kd2 (93. Ng1 $11) 93... Kh6 $1 $15 94. Ne1 {[#]} Rc8 (94... Ng6 $1 $17 95. Ng2 Nf4 96. Nxf4 gxf4) 95. Kd1 (95. Nf3 $11) 95... Kh7 (95... Ng6 $17 {Strongly threatening ...Nf4.} 96. Ng2 Rcb8) 96. Kd2 $11 Ng6 97. Ng2 (97. Nf3 $11 {keeps the balance.}) 97... Rcb8 98. Kd1 Rb1+ 99. Rxb1 Rxb1+ $17 {[%mdl 4096] Endgame KRN-KRN} 100. Rc1 Rb2 101. Rc2 Rb1+ (101... Rb3 {is more complex.} 102. Kd2 Kh6 103. Kd1 Ra3 104. Kd2 Ra1) 102. Rc1 $1 {[%cal Rc1b1]} Rb2 103. Rc2 Rb3 104. Kd2 Rb1 {Threatens to win with ...Rh1.} 105. Rc1 Rb2+ 106. Rc2 Rb1 {...Rh1 is the strong threat.} 107. Rc1 $1 {[%cal Rc1b1]} Rb2+ 108. Rc2 {Accuracy: White = 51%, Black = 46%.} 1/2-1/2

[Event "ESP-chT Primera Division 2019"]
[Site "Linares"]
[Date "2019.08.29"]
[Round "4.17"]
[White "Garcia Martin, Marta"]
[Black "Badillo Ramos, Steve"]
[Result "1-0"]
[WhiteElo "2313"]
[BlackElo "1967"]
[Annotator "NA"]
[PlyCount "93"]
[EventDate "2019.08.26"]
[EventType "team-tourn"]
[EventCountry "ESP"]
[SourceTitle "playchess.com"]
[Source "ChessBase"]
[SourceQuality "1"]
[TimeControl "5400+30"]

1. e4 {[%emt 0:00:00]} e6 {[%emt 0:00:00]} 2. d4 {[%emt 0:00:00]} d5 {[%emt 0:00:00]} 3. Nd2 {[%emt 0:00:00]} Nf6 {[%emt 0:00:00]} 4. e5 {[%emt 0:00:00]} Nfd7 {[%emt 0:00:00]} 5. Bd3 {[%emt 0:00:02]} c5 {[%emt 0:00:11]} 6. c3 {[%emt 0:00:06]} Nc6 {[%emt 0:00:06]} 7. Ne2 {[%emt 0:00:07]} cxd4 {[%emt 0:00:13]} 8. cxd4 {[%emt 0:00:05]} f6 {[%emt 0:00:07]} 9. exf6 {[%emt 0:00:07]} Nxf6 {[%emt 0:00:07]} 10. Nf3 {[%emt 0:00:41]} Bd6 {[%emt 0:00:08]} 11. O-O {[%emt 0:00:07]} Qc7 {[%emt 0:00:04]} 12. h3 {[%emt 0:00:53]} O-O {[%emt 0:01:21]} 13. Re1 {[%emt 0:00:15]} e5 {[%emt 0:03:52]} 14. dxe5 {[%emt 0:08:04]} Nxe5 {[%emt 0:01:15]} 15. Nxe5 {[%emt 0:00:37]} Bxe5 {[%emt 0:00:39]} 16. Qb3 {[%emt 0:02:55]} Qf7 {[%emt 0:19:26]} 17. Bf4 {[%emt 0:25:01]} Bxf4 {[%emt 0:21:54]} 18. Nxf4 {[%emt 0:00:07]} Kh8 {[%emt 0:03:08]} 19. f3 {[%emt 0:28:06]} Nh5 {[%emt 0:15:02]} 20. Nxd5 {[%emt 0:12:55]} Be6 {[%emt 0:00:15]} 21. Bc4 {[%emt 0:00:05]} b5 {[%emt 0:07:19]} 22. Qxb5 {[%emt 0:00:39]} Rab8 {[%emt 0:00:09]} 23. Qc6 {[%emt 0:05:23]} Rxb2 {[%emt 0:07:10]} 24. Ne3 {[%emt 0:00:58]} Bxc4 {[%emt 0:00:11]} 25. Nxc4 {[%emt 0:00:10]} Rc2 {[%emt 0:04:36]} 26. Ne5 {[%emt 0:01:20]} Qf5 {[%emt 0:00:42]} 27. Qe4 {[%emt 0:04:35]} g6 {[%emt 0:03:41]} 28. Qd4 {[%emt 0:04:17]} Kg8 {[%emt 0:06:51]} 29. Rac1 {[%emt 0:03:35]} Nf4 {[%emt 0:00:28]} 30. Rxc2 {[%emt 0:00:58]} Qxc2 {[%emt 0:00:06]} 31. Qc4+ {[%emt 0:00:03]} Qxc4 {[%emt 0:00:08]} 32. Nxc4 {[%emt 0:00:03]} Rc8 {[%emt 0:01:28]} 33. Re4 {[%emt 0:00:34]} Ne2+ {[%emt 0:00:45]} 34. Rxe2 {[%emt 0:00:58]} Rxc4 {[%emt 0:00:04]} 35. Kf2 {[%emt 0:01:04]} Ra4 {[%emt 0:00:31]} 36. g4 {[%emt 0:02:04]} g5 {[%emt 0:00:30]} 37. Kg3 {[%emt 0:00:32]} Ra3 {[%emt 0:02:43]} 38. Rf2 {[%emt 0:00:52]} Kf7 {[%emt 0:01:37]} 39. h4 {[%emt 0:00:16]} h6 {[%emt 0:00:42]} 40. h5 {[%emt 0:00:36]} Ke6 {[%emt 0:00:18]} 41. Rd2 {[%emt 0:00:43]} Ke5 {[%emt 0:00:14]} 42. Re2+ {[%emt 0:00:26]} Kd4 {[%emt 0:01:13]} 43. Re6 {[%emt 0:00:18]} Rxa2 {[%emt 0:01:44]} 44. Rxh6 {[%emt 0:00:08]} Ra5 {[%emt 0:00:30]} 45. Rg6 {[%emt 0:00:39]} Rb5 {[%emt 0:00:31]} 46. h6 {[%emt 0:00:23]} Rb7 {[%emt 0:00:30]} 47. Rxg5 {[%emt 0:00:19] Kd5} 1-0

[Event "ESP-chT Primera Division 2019"]
[Site "Linares"]
[Date "2019.08.29"]
[Round "4.18"]
[White "Bermudez Revuelta, Paula"]
[Black "Semenova, Elena"]
[Result "0-1"]
[WhiteElo "1702"]
[BlackElo "2330"]
[Annotator "NA"]
[PlyCount "122"]
[EventDate "2019.08.26"]
[EventType "team-tourn"]
[EventCountry "ESP"]
[SourceTitle "playchess.com"]
[Source "ChessBase"]
[SourceQuality "1"]
[TimeControl "5400+30"]

1. e4 {[%emt 0:00:00]} e5 {[%emt 0:00:00]} 2. Nf3 {[%emt 0:00:00]} Nc6 {[%emt 0:00:00]} 3. d4 {[%emt 0:00:00]} exd4 {[%emt 0:00:00]} 4. Nxd4 {[%emt 0:00:00]} Nf6 {[%emt 0:00:00]} 5. Nc3 {[%emt 0:00:00]} Bb4 {[%emt 0:00:09]} 6. Nxc6 {[%emt 0:00:02]} bxc6 {[%emt 0:00:05]} 7. Bd3 {[%emt 0:00:05]} d6 {[%emt 0:04:09]} 8. O-O {[%emt 0:01:28]} Ng4 {[%emt 0:00:11]} 9. Be2 {[%emt 0:07:35]} Qh4 {[%emt 0:18:30]} 10. Bxg4 {[%emt 0:00:53]} Qxg4 {[%emt 0:01:06]} 11. Qxg4 {[%emt 0:05:32]} Bxg4 {[%emt 0:00:03]} 12. a3 {[%emt 0:01:23]} Bc5 {[%emt 0:04:09]} 13. Re1 {[%emt 0:03:08]} O-O {[%emt 0:22:32]} 14. Be3 {[%emt 0:03:58]} Bb6 {[%emt 0:03:15]} 15. Na4 {[%emt 0:01:40]} Bxe3 {[%emt 0:02:03]} 16. Rxe3 {[%emt 0:00:45]} Rfe8 {[%emt 0:00:02]} 17. Rae1 {[%emt 0:01:26]} Re7 {[%emt 0:04:32]} 18. Rb3 {[%emt 0:06:03]} f6 {[%emt 0:03:52]} 19. f3 {[%emt 0:04:07]} Be6 {[%emt 0:02:24]} 20. Rb7 {[%emt 0:00:56]} Bc8 {[%emt 0:01:02]} 21. Rb3 {[%emt 0:00:53]} Kf7 {[%emt 0:04:30]} 22. Kf2 {[%emt 0:01:12]} Ba6 {[%emt 0:01:26]} 23. Ree3 {[%emt 0:05:33]} Ke8 {[%emt 0:04:14]} 24. Nc3 {[%emt 0:01:25]} Kd7 {[%emt 0:01:36]} 25. Ne2 {[%emt 0:02:02]} c5 {[%emt 0:01:52]} 26. Nf4 {[%emt 0:04:28]} Bc4 {[%emt 0:00:55]} 27. Rbc3 {[%emt 0:01:20]} Bf7 {[%emt 0:00:30]} 28. Nd5 {[%emt 0:03:26]} Ree8 {[%emt 0:02:02]} 29. Re1 {[%emt 0:05:57]} Rab8 {[%emt 0:01:00]} 30. b3 {[%emt 0:02:07]} f5 {[%emt 0:02:47]} 31. Nf4 {[%emt 0:03:48]} fxe4 {[%emt 0:00:57]} 32. Rxe4 {[%emt 0:00:16]} Rxe4 {[%emt 0:00:22]} 33. fxe4 {[%emt 0:00:02]} Re8 {[%emt 0:01:17]} 34. Rg3 {[%emt 0:02:36]} Rxe4 {[%emt 0:01:39]} 35. Kf3 {[%emt 0:04:40]} Re7 {[%emt 0:00:17]} 36. Kf2 {[%emt 0:00:53]} g6 {[%emt 0:01:16]} 37. Rh3 {[%emt 0:00:40]} g5 {[%emt 0:01:07]} 38. Ne2 {[%emt 0:01:23]} Bg6 {[%emt 0:00:36]} 39. c3 {[%emt 0:01:19]} Rf7+ {[%emt 0:00:39]} 40. Ke3 {[%emt 0:01:00]} a5 {[%emt 0:02:09]} 41. Nc1 {[%emt 0:03:48]} Rf8 {[%emt 0:02:52]} 42. Ke2 {[%emt 0:00:41]} d5 {[%emt 0:01:15]} 43. Nd3 {[%emt 0:01:01]} Kd6 {[%emt 0:00:19]} 44. Rg3 {[%emt 0:00:45]} h6 {[%emt 0:00:39]} 45. Rh3 {[%emt 0:03:11]} Rf6 {[%emt 0:00:11]} 46. Ke3 {[%emt 0:02:25]} Be4 {[%emt 0:00:56]} 47. Ne1 {[%emt 0:01:41]} Ke5 {[%emt 0:03:58]} 48. Nd3+ {[%emt 0:00:42]} Kd6 {[%emt 0:00:20]} 49. Ne1 {[%emt 0:00:05]} Re6 {[%emt 0:00:18]} 50. Kd2 {[%emt 0:00:29]} c6 {[%emt 0:00:47]} 51. Rg3 {[%emt 0:01:52]} d4 {[%emt 0:00:38]} 52. Nc2 {[%emt 0:01:10]} Kd5 {[%emt 0:01:34]} 53. c4+ {[%emt 0:01:20]} Ke5 {[%emt 0:00:27]} 54. Ne1 {[%emt 0:00:01]} Rf6 {[%emt 0:00:24]} 55. Ke2 {[%emt 0:00:36]} Kf4 {[%emt 0:02:02]} 56. Nd3+ {[%emt 0:02:29]} Bxd3+ {[%emt 0:00:27]} 57. Rxd3 {[%emt 0:00:02]} Re6+ {[%emt 0:00:29]} 58. Kd2 {[%emt 0:00:32]} Re3 {[%emt 0:00:45]} 59. b4 {[%emt 0:01:10]} Ke4 {[%emt 0:00:12]} 60. Rxe3+ {[%emt 0:00:22]} dxe3+ {[%emt 0:00:02]} 61. Ke2 {[%emt 0:00:01]} axb4 {[%emt 0:00:07]} 0-1